000 00770nam a2200241 i 4500
001 25047
003 ES-MaACL
005 20230906153202.0
007 t|
008 021220s1968 sp ||||1| spa d
080 _a821.411.21-32(082.2)
245 0 0 _aArabescos del amor :
_brecopilación de historias árabes primitivas de amor y mujeres /
_cMax Weisweiler ; [traducción, Enrique Ortega].
250 _a1ª ed.
260 _aBarcelona :
_bZeus,
_c1968.
300 _a314 p. ;
_c17 cm.
490 1 _aPodium: obras significativas
650 4 _aCuentos árabes.
_9167593
700 1 _aOrtega, Enrique.
_987403
700 1 _aWeisweiler, Max.
_9116417
830 1 _aPodium: obras significativas
_9229118
852 4 _aES-MaACL
_jC-34897
999 _c25047
_d25047